[Event "GCT Blitz Paris 2019"]
[Site "Paris FRA"]
[Date "2019.07.31"]
[Round "8"]
[White "Vachier-Lagrave, Maxime"]
[Black "Duda, Jan-Krzysztof"]
[Result "0-1"]
[WhiteElo "2775"]
[BlackElo "2729"]
[PlyCount "76"]
[EventDate "2019.07.31"]

1. e4 d5 2. exd5 Qxd5 3. Nc3 Qd8 4. d4 Nf6 5. Nf3 g6 6. Bg5 Bg7 7. Qd2 h6 8.
Bf4 a6 9. a4 b6 10. Be2 Bb7 11. O-O Nc6 12. Rad1 e6 13. Rfe1 Ne7 14. Ne5 g5 15.
Bg3 Nf5 16. Bf3 Bxf3 17. Nxf3 Nxg3 18. hxg3 O-O 19. Ne5 Qd6 20. Qe2 c6 21. Qf3
Rac8 22. Nc4 Qc7 23. Nd2 Rfd8 24. Nb3 a5 25. Ne2 Rd5 26. Nec1 c5 27. c4 Rf5 28.
Qe2 h5 29. Nd3 Rd8 30. Ne5 g4 31. Qe3 Ne8 32. Qe4 cxd4 33. Nc6 Nd6 34. Nxd8
Nxe4 35. Nxe6 fxe6 36. Rxe4 Qxc4 37. Nd2 Qc2 38. Ree1 Re5 0-1

[Event "GCT Blitz Paris 2019"]
[Site "Paris FRA"]
[Date "2019.07.31"]
[Round "8"]
[White "Nepomniachtchi, Ian"]
[Black "Grischuk, Alexander"]
[Result "1/2-1/2"]
[WhiteElo "2775"]
[BlackElo "2766"]
[PlyCount "74"]
[EventDate "2019.07.31"]

1. e4 e5 2. Nf3 Nc6 3. Nc3 Nf6 4. a3 d5 5. exd5 Nxd5 6. Nxe5 Nxe5 7. Qe2 f6 8.
d4 Nxc3 9. bxc3 Qd5 10. Bb2 Bd6 11. dxe5 Qxe5 12. O-O-O Qxe2 13. Bxe2 Be6 14.
Bb5+ Kf7 15. Rhe1 Rad8 16. Ba4 h5 17. h3 c5 18. Kb1 c4 19. Rxe6 Kxe6 20. Bb5
Rc8 21. Rd4 Rhd8 22. Bxc4+ Ke7 23. Bd3 Be5 24. Rh4 g5 25. Rxh5 Rh8 26. Rxh8
Rxh8 27. Ka2 Rc8 28. Kb3 b6 29. a4 Kd8 30. Bc4 Rc7 31. Bc1 Bf4 32. Ba3 Rd7 33.
Bd3 Kc7 34. c4 Bd6 35. Bb2 Be5 36. Ba3 Bd6 37. Bb2 Be5 1/2-1/2

[Event "GCT Blitz Paris 2019"]
[Site "Paris FRA"]
[Date "2019.07.31"]
[Round "9"]
[White "Duda, Jan-Krzysztof"]
[Black "Giri, Anish"]
[Result "0-1"]
[WhiteElo "2729"]
[BlackElo "2779"]
[PlyCount "112"]
[EventDate "2019.07.31"]

1. d4 Nf6 2. Bg5 e6 3. e4 h6 4. Bxf6 Qxf6 5. c3 c5 6. d5 exd5 7. Qxd5 Qe6 8.
Bc4 Qxd5 9. Bxd5 Na6 10. Nd2 Nc7 11. Bb3 b5 12. Ne2 Bb7 13. O-O c4 14. Bc2 Bc5
15. b3 cxb3 16. Nxb3 Bb6 17. Rfd1 Rd8 18. Nbd4 O-O 19. Bd3 Rfe8 20. Nxb5 Nxb5
21. Bxb5 Rxe4 22. Kf1 d6 23. a4 Re5 24. Rdb1 Be4 25. Rd1 g5 26. Rd2 Bc5 27. Nd4
Rc8 28. Rad1 Kg7 29. Ba6 Rb8 30. Bd3 Bxd4 31. cxd4 Bxd3+ 32. Rxd3 Ra5 33. Rc1
Rxa4 34. Rf3 Rb7 35. Rd1 a5 36. h4 Kg6 37. hxg5 hxg5 38. g3 Rbb4 39. Re1 g4 40.
Rc3 Rxd4 41. Rc8 Ra2 42. Rg8+ Kf6 43. Kg2 a4 44. Ra8 Rdd2 45. Rf1 d5 46. Ra6+
Kf5 47. Ra7 f6 48. Kg1 a3 49. Ra4 d4 50. Ra5+ Ke4 51. Re1+ Kd3 52. Rf5 Rab2 53.
Rxf6 a2 54. Ra6 Rb1 55. Kf1 Rxe1+ 56. Kxe1 Rb2 0-1

[Event "GCT Blitz Paris 2019"]
[Site "Paris FRA"]
[Date "2019.07.31"]
[Round "9"]
[White "Dubov, Daniil"]
[Black "Nakamura, Hikaru"]
[Result "0-1"]
[WhiteElo "2700"]
[BlackElo "2754"]
[PlyCount "128"]
[EventDate "2019.07.31"]

1. d4 Nf6 2. c4 e6 3. Nf3 d5 4. g3 Be7 5. Bg2 O-O 6. Bg5 h6 7. Bxf6 Bxf6 8. O-O
c5 9. cxd5 cxd4 10. Nxd4 Qb6 11. e3 Qxb2 12. Nd2 exd5 13. Rb1 Qxa2 14. Ra1 Qb2
15. Rb1 Qa3 16. Bxd5 Bxd4 17. Nc4 Qc5 18. Qxd4 Qxd4 19. exd4 Nc6 20. Nd6 Rd8
21. Bxf7+ Kf8 22. Nxc8 Kxf7 23. Rxb7+ Kf8 24. d5 Na5 25. Rxa7 Rdxc8 26. Rxa8
Rxa8 27. Ra1 Ke7 28. Kg2 Kd6 29. Kf3 Kxd5 30. Kg4 Ke6 31. Kh5 Kf6 32. f4 g6+
33. Kg4 Ra7 34. Rc1 Ra6 35. Ra1 Ra7 36. Rc1 Re7 37. Rc5 h5+ 38. Kh4 Nb3 39. Rd5
Re2 40. h3 Nd2 41. Rd6+ Kf5 42. Rd5+ Ke6 43. Rd3 Ne4 44. Ra3 Rf2 45. Ra5 Kf6
46. Ra6+ Kg7 47. Ra4 Nd6 48. g4 hxg4 49. hxg4 Nf7 50. Rb4 Rf3 51. Ra4 Rb3 52.
Rc4 Rb8 53. Kg3 Rb1 54. Rc7 Rb4 55. Ra7 Rb6 56. Rc7 Kf6 57. Kh4 Nd6 58. Rc3 Ne4
59. Re3 Rb4 60. Ra3 Nc5 61. Ra5 Ne6 62. f5 g5+ 63. Kh5 Rb8 64. fxe6 Rh8# 0-1

[Event "GCT Blitz Paris 2019"]
[Site "Paris FRA"]
[Date "2019.07.31"]
[Round "9"]
[White "Mamedyarov, Shakhriyar"]
[Black "Vachier-Lagrave, Maxime"]
[Result "0-1"]
[WhiteElo "2765"]
[BlackElo "2775"]
[PlyCount "164"]
[EventDate "2019.07.31"]

1. d4 Nf6 2. Nf3 g6 3. c4 Bg7 4. g3 O-O 5. Bg2 c5 6. Nc3 cxd4 7. Nxd4 Qc7 8.
Qd3 Nc6 9. Bf4 Qb6 10. Nb3 d6 11. O-O Be6 12. c5 dxc5 13. Na4 Qb4 14. Naxc5
Rfd8 15. Qc3 Bd5 16. Qxb4 Nxb4 17. Nxb7 Rdc8 18. N7c5 Bxg2 19. Kxg2 Nfd5 20.
Bd2 Bxb2 21. Rab1 Bc3 22. a3 Bxd2 23. Nxd2 Rxc5 24. axb4 Rc2 25. Rfd1 Rb8 26.
Nf3 Rxb4 27. Rxb4 Nxb4 28. Rd7 Rxe2 29. Nd4 Ra2 30. Rxe7 Nd3 31. Kf3 Nxf2 32.
Nc6 Nh3 33. Rxa7 Rxh2 34. Ra5 h6 35. g4 Ng5+ 36. Kg3 Rh3+ 37. Kg2 Rc3 38. Ne5
Rc7 39. Rb5 Kg7 40. Ra5 Ne6 41. Kg3 Rc5 42. Rxc5 Nxc5 43. Nf3 Kf6 44. Nd2 Ke5
45. Nf3+ Ke4 46. Nd2+ Ke3 47. Nc4+ Kd4 48. Nb6 Ke4 49. Nc4 Kd4 50. Nb6 Ne4+ 51.
Kf4 Nc3 52. Nd7 Nd5+ 53. Kf3 g5 54. Kg3 Ke4 55. Nc5+ Ke5 56. Nd3+ Kd4 57. Ne1
Ke4 58. Nf3 f5 59. gxf5 Kxf5 60. Nd4+ Kf6 61. Kg4 Nf4 62. Kg3 h5 63. Nf3 Ne6
64. Nd2 Ke5 65. Nc4+ Kf5 66. Nd6+ Kg6 67. Nc4 Nd4 68. Ne5+ Kf5 69. Nc4 h4+ 70.
Kh3 Kf4 71. Nb2 Nf3 72. Nd3+ Kf5 73. Nf2 Ne5 74. Nd1 Kg6 75. Nc3 Kh5 76. Kg2 g4
77. Kf2 Kg5 78. Ne4+ Kf4 79. Nf6 Nd3+ 80. Kg2 Kf5 81. Ne8 Nf4+ 82. Kg1 Ke5 0-1

[Event "GCT Blitz Paris 2019"]
[Site "Paris FRA"]
[Date "2019.07.31"]
[Round "9"]
[White "Grischuk, Alexander"]
[Black "Caruana, Fabiano"]
[Result "1/2-1/2"]
[WhiteElo "2766"]
[BlackElo "2819"]
[PlyCount "95"]
[EventDate "2019.07.31"]

1. d4 Nf6 2. c4 e6 3. Nf3 Bb4+ 4. Nbd2 O-O 5. a3 Be7 6. e4 d6 7. Be2 c5 8. d5
Nbd7 9. Qc2 Re8 10. O-O Nf8 11. Nb1 Ng6 12. Nc3 e5 13. Ne1 h6 14. Nd3 Nh7 15.
Qd1 Bg5 16. Bg4 Rf8 17. b4 b6 18. a4 f5 19. Bxf5 Bxf5 20. exf5 Rxf5 21. a5 Bxc1
22. Rxc1 Nf4 23. Ne4 Ng5 24. Nxf4 Rxf4 25. Nxg5 Qxg5 26. Qa4 Raf8 27. Rc2 e4
28. axb6 axb6 29. Qd7 Qe5 30. bxc5 bxc5 31. Qe6+ Qxe6 32. dxe6 R8f6 33. Rd1
Rxe6 34. g3 Rff6 35. Re2 Rf3 36. Rde1 Ref6 37. Rd2 Re6 38. Rde2 e3 39. Rxe3
Rfxe3 40. Rxe3 Rxe3 41. fxe3 Kf7 42. e4 Ke6 43. Kf2 Ke5 44. Ke3 g5 45. Kd3 h5
46. Ke3 Ke6 47. Kf3 Ke5 48. Ke3 1/2-1/2

[Event "GCT Blitz Paris 2019"]
[Site "Paris FRA"]
[Date "2019.07.31"]
[Round "9"]
[White "Anand, Viswanathan"]
[Black "Nepomniachtchi, Ian"]
[Result "1/2-1/2"]
[WhiteElo "2764"]
[BlackElo "2775"]
[PlyCount "42"]
[EventDate "2019.07.31"]

1. e4 c6 2. d4 d5 3. exd5 cxd5 4. Bd3 Nc6 5. c3 Qc7 6. h3 g6 7. Nf3 Nf6 8. O-O
Bf5 9. Re1 Bxd3 10. Qxd3 Bg7 11. Bg5 O-O 12. Nbd2 e6 13. Bxf6 Bxf6 14. Nb3 Bg7
15. Re2 Rab8 16. a3 b6 17. Rae1 Na5 18. Nc1 Nc4 19. Qc2 Qf4 20. Nd3 Qf5 21. Qd1
Rfc8 1/2-1/2

[Event "Belt and Road Hunan Open 2019"]
[Site "Changsha"]
[Date "2019.07.31"]
[Round "3"]
[White "Wei, Yi"]
[Black "Lu, Shanglei"]
[Result "1-0"]
[WhiteElo "2737"]
[BlackElo "2619"]
[PlyCount "90"]
[EventDate "2019.07.29"]

1. e4 c5 2. Nf3 d6 3. d4 cxd4 4. Nxd4 Nf6 5. Nc3 a6 6. Bg5 e6 7. f4 h6 8. Bh4
Qb6 9. a3 Be7 10. Bf2 Qc7 11. Qf3 Nbd7 12. O-O-O b5 13. g4 Bb7 14. h4 Nc5 15.
Bd3 d5 16. e5 Nfe4 17. Be1 O-O-O 18. Kb1 Kb8 19. Qe3 h5 20. g5 g6 21. Bxe4 Nxe4
22. Nxe4 dxe4 23. Bb4 Bd5 24. Bxe7 Qxe7 25. Ne2 Qa7 26. Rd4 Rd7 27. Rhd1 Rhd8
28. c3 Bb3 29. R1d2 Bc4 30. Qxe4 Bxe2 31. Rxd7 Rxd7 32. Qxe2 Rxd2 33. Qxd2 Qg1+
34. Ka2 Qf1 35. Qd6+ Kb7 36. Qd7+ Kb6 37. Qd4+ Kb7 38. Kb3 Qe2 39. Qd7+ Kb6 40.
Qd8+ Kb7 41. Qd4 Qf3 42. Qd7+ Kb6 43. Qd4+ Kb7 44. Kb4 Qc6 45. b3 f5 1-0

[Event "Belt and Road Hunan Open 2019"]
[Site "Changsha"]
[Date "2019.07.31"]
[Round "3"]
[White "Oleksiyenko, Mykhaylo"]
[Black "Yu, Yangyi"]
[Result "0-1"]
[WhiteElo "2600"]
[BlackElo "2736"]
[PlyCount "106"]
[EventDate "2019.07.29"]

1. e4 c5 2. Nf3 Nc6 3. d4 cxd4 4. Nxd4 Nf6 5. Nc3 d6 6. f3 e5 7. Nb3 Be7 8. Be3
Be6 9. Nd5 O-O 10. c4 a5 11. Be2 Nd7 12. Nxe7+ Qxe7 13. O-O Nc5 14. Nd2 f5 15.
exf5 Bxf5 16. Nb1 Nd4 17. Nc3 Nc2 18. Nd5 Qd8 19. Rc1 Nxe3 20. Nxe3 Be6 21. Qd2
Rf4 22. Rcd1 Rd4 23. Qc3 Na4 24. Qb3 b5 25. Qa3 Qb6 26. cxb5 Nxb2 27. Qxb2 Rxd1
28. Rxd1 Qxe3+ 29. Kf1 Qc5 30. Qd2 d5 31. Rc1 Qe7 32. Qe3 e4 33. fxe4 dxe4 34.
Qxe4 Rf8+ 35. Bf3 Qd6 36. Qe2 Bf7 37. Kg1 Qb4 38. Bc6 a4 39. Rf1 Rd8 40. Qf2
Bc4 41. Re1 Bxb5 42. Bxb5 Qxb5 43. h3 h6 44. Kh1 a3 45. Qg3 Qb2 46. Qc7 Rf8 47.
Qc4+ Kh7 48. Qb3 Qxb3 49. axb3 Rb8 50. Rb1 Rb4 51. Kg1 Kg6 52. Kf2 Kg5 53. Ke2
Kh4 0-1

[Event "Belt and Road Hunan Open 2019"]
[Site "Changsha"]
[Date "2019.07.31"]
[Round "3"]
[White "Wang, Hao"]
[Black "Wen, Yang"]
[Result "1-0"]
[WhiteElo "2725"]
[BlackElo "2586"]
[PlyCount "92"]
[EventDate "2019.07.29"]

1. d4 Nf6 2. c4 e6 3. Nc3 Bb4 4. f3 c5 5. d5 b5 6. e4 d6 7. Nge2 O-O 8. Nf4
bxc4 9. Bxc4 Bxc3+ 10. bxc3 e5 11. Ne2 Nfd7 12. Bd3 Qa5 13. Bd2 c4 14. Bxc4 Qc7
15. Bb3 Nc5 16. O-O a5 17. Bc2 Nbd7 18. f4 Ba6 19. Rf3 Bxe2 20. Qxe2 exf4 21.
Bxf4 Rae8 22. Re3 Ne5 23. h3 Re7 24. Rb1 Rfe8 25. Qb5 Ng6 26. Bg3 Ne5 27. Bf2
Qd8 28. Ree1 Rb7 29. Qe2 Rc7 30. Rb5 Ncd7 31. Bd4 Rc8 32. Rf1 h6 33. Qf2 Re7
34. Qg3 Kh8 35. Qh4 f6 36. Rfb1 Nc5 37. Qf2 Ncd7 38. Qf5 Kg8 39. Rb7 Rc7 40.
R7b5 Rc8 41. Kh2 Nf7 42. Bd3 Nfe5 43. Be2 Ra8 44. Qf2 Nf7 45. Qf4 Qe8 46. Bh5
Nde5 1-0

[Event "Belt and Road Hunan Open 2019"]
[Site "Changsha"]
[Date "2019.07.31"]
[Round "3"]
[White "Le, Quang Liem"]
[Black "Liu, Yan"]
[Result "1/2-1/2"]
[WhiteElo "2713"]
[BlackElo "2516"]
[PlyCount "86"]
[EventDate "2019.07.29"]

1. e4 e5 2. Nf3 Nf6 3. Nxe5 d6 4. Nf3 Nxe4 5. Nc3 Nxc3 6. dxc3 Be7 7. Be3 Nc6
8. Qd2 Be6 9. O-O-O Qd7 10. a3 Bf6 11. h4 h6 12. Nd4 Bxd4 13. Bxd4 Rg8 14. Be3
O-O-O 15. b3 Kb8 16. Kb2 Ne5 17. h5 f6 18. Rh4 c5 19. Bf4 Ka8 20. Bg3 Rge8 21.
Re1 Bf7 22. f4 Nc6 23. Be2 d5 24. Bf2 d4 25. c4 Ne7 26. Bg4 Qc7 27. Rhh1 Nc8
28. Rxe8 Rxe8 29. Re1 Nd6 30. Rxe8+ Bxe8 31. Qe2 Bc6 32. Qe6 a5 33. g3 a4 34.
Be1 axb3 35. cxb3 Ka7 36. a4 b6 37. Kc1 Bb7 38. Bd1 Bc8 39. Qe2 Bf5 40. g4 Be4
41. f5 Qc6 42. Bc2 Bxc2 43. Kxc2 Ka6 1/2-1/2

[Event "Belt and Road Hunan Open 2019"]
[Site "Changsha"]
[Date "2019.07.31"]
[Round "3"]
[White "Amin, Bassem"]
[Black "Lei, Tingjie"]
[Result "1-0"]
[WhiteElo "2707"]
[BlackElo "2505"]
[PlyCount "143"]
[EventDate "2019.07.29"]

1. Nf3 d5 2. c4 e6 3. g3 Nf6 4. Bg2 Be7 5. O-O O-O 6. b3 b6 7. Bb2 Bb7 8. e3 c5
9. Nc3 dxc4 10. bxc4 Nc6 11. Qe2 a6 12. Rfd1 Qc7 13. Rab1 Rab8 14. Ba1 Rfd8 15.
d3 Na5 16. h3 Bc6 17. e4 Nd7 18. Nd5 exd5 19. exd5 Bf6 20. dxc6 Nxc6 21. d4 Re8
22. Qc2 cxd4 23. Nxd4 Nxd4 24. Bxd4 Bxd4 25. Rxd4 Nf6 26. Qd3 h6 27. Rd1 Qc5
28. Bf3 Re6 29. Bd5 Re7 30. Rf4 Nxd5 31. cxd5 Rd7 32. Rd4 b5 33. d6 Rbd8 34.
Rd2 g6 35. Qe3 Kg7 36. Kh2 b4 37. h4 a5 38. Rd1 Qf5 39. Kg1 Qe6 40. Qd2 h5 41.
Rd5 Qf6 42. Rd3 Kh7 43. Rd4 Kg7 44. Kg2 Kg8 45. Qd3 Kg7 46. Qa6 a4 47. Rxb4
Rxd6 48. Rxd6 Rxd6 49. Qxa4 Rd2 50. Rf4 Qe6 51. a3 Ra2 52. Qd4+ Kh7 53. Rf6 Qb3
54. Rf3 Qb7 55. Qc3 Kg8 56. Qe3 Kh7 57. Qc3 Kg8 58. Qe3 Kh7 59. Qc1 Kg8 60. Qc5
Ra1 61. Qb4 Qxb4 62. axb4 Rb1 63. Rf4 Kg7 64. Kf3 f6 65. Ke3 g5 66. Rc4 Kg6 67.
Kd4 Rb2 68. Kc5 Rxf2 69. b5 Re2 70. b6 gxh4 71. b7 Re8 72. Rxh4 1-0

[Event "Belt and Road Hunan Open 2019"]
[Site "Changsha"]
[Date "2019.07.31"]
[Round "3"]
[White "Dai, Changren"]
[Black "Matlakov, Maxim"]
[Result "0-1"]
[WhiteElo "2510"]
[BlackElo "2701"]
[PlyCount "94"]
[EventDate "2019.07.29"]

1. e4 c5 2. Nf3 d6 3. d4 cxd4 4. Nxd4 Nf6 5. Nc3 a6 6. h3 e6 7. g4 Nfd7 8. Bg2
Be7 9. Nce2 h5 10. gxh5 Nf6 11. Be3 Qa5+ 12. c3 Nxh5 13. O-O g5 14. b4 Qc7 15.
c4 Nd7 16. Rc1 Ne5 17. Nf3 Rg8 18. c5 Nxf3+ 19. Bxf3 Nf4 20. cxd6 Qxd6 21. Bxf4
gxf4+ 22. Kh2 e5 23. Qxd6 Bxd6 24. Nc3 Rh8 25. Rfd1 Bxb4 26. Nd5 Ba5 27. Rc5
Bd8 28. Bg2 Bd7 29. Nc7+ Bxc7 30. Rxc7 Bc6 31. Bf3 Kf8 32. Be2 Bxe4 33. Bc4 Bg6
34. Rdd7 Rh7 35. Rxb7 e4 36. Rd6 Kg7 37. Re7 Rah8 38. Bf1 Bf5 39. Re5 Rh5 40.
Rxa6 f6 41. Re7+ Kg6 42. Raa7 Rd8 43. a4 Kg5 44. Rg7+ Kh4 45. Ra6 Rd2 46. Kg1
Rh6 47. Rg2 Rd1 0-1

[Event "GCT Blitz Paris 2019"]
[Site "Paris FRA"]
[Date "2019.08.01"]
[Round "10"]
[White "Duda, J."]
[Black "Anand, V."]
[Result "1/2-1/2"]
[WhiteElo "2729"]
[BlackElo "2764"]
[PlyCount "114"]
[EventDate "2019.07.26"]

1. e4 e5 2. Nf3 Nc6 3. d3 Nf6 4. g3 Bc5 5. Bg2 d6 6. O-O O-O 7. c3 a5 8. Re1
Re8 9. h3 h6 10. d4 Ba7 11. Be3 exd4 12. Nxd4 Ne5 13. Nc2 Bxe3 14. Nxe3 Bd7 15.
Qc2 Qc8 16. f4 Ng6 17. Kh2 h5 18. Rf1 Bc6 19. Nd2 Nf8 20. Rae1 a4 21. Nf5 Ng6
22. Nd4 Bd7 23. Qd3 Ra5 24. Nc4 Ra6 25. e5 dxe5 26. fxe5 b5 27. exf6 Rxe1 28.
Rxe1 bxc4 29. Qxc4 Rxf6 30. h4 Qb8 31. Re2 Nxh4 32. Nc6 Bxc6 33. Bxc6 Qb6 34.
Re8+ Kh7 35. Qxh4 Qxc6 36. Re2 a3 37. bxa3 Qxc3 38. a4 g6 39. a5 Rf1 40. Qe4
Qxa5 41. a4 Qb6 42. Qg2 Ra1 43. Ra2 Qb1 44. Rxa1 Qxa1 45. Qd5 Kg7 46. a5 c6 47.
Qc5 Qa2+ 48. Kg1 Qa4 49. Qb6 Qd1+ 50. Kf2 Qc2+ 51. Ke3 Qc3+ 52. Kf2 c5 53. a6
Qd2+ 54. Kf1 c4 55. a7 Qd1+ 56. Kf2 Qd2+ 57. Kf1 Qd1+ 1/2-1/2

[Event "GCT Blitz Paris 2019"]
[Site "Paris FRA"]
[Date "2019.08.01"]
[Round "10"]
[White "Dubov, Daniil"]
[Black "Vachier Lagrave, M."]
[Result "0-1"]
[WhiteElo "2700"]
[BlackElo "2775"]
[PlyCount "98"]
[EventDate "2019.07.26"]

1. e4 c5 2. Nc3 d6 3. f4 g6 4. Nf3 Bg7 5. Bb5+ Bd7 6. Bc4 Nc6 7. O-O Na5 8. Be2
Nh6 9. Qe1 O-O 10. f5 e6 11. d3 exf5 12. Nd5 Be6 13. Bf4 Nc6 14. Qg3 fxe4 15.
dxe4 Bxd5 16. exd5 Nf5 17. Qh3 Ncd4 18. Bd3 Nxf3+ 19. Rxf3 Nd4 20. Rf2 Rc8 21.
c3 c4 22. Bf1 Nf5 23. Rd1 h5 24. Be2 Bh6 25. Bxh6 Nxh6 26. Qe3 Kg7 27. Qxa7 Nf5
28. Rdf1 Qg5 29. Rxf5 gxf5 30. Qd4+ Kh6 31. Bxc4 Rg8 32. Rf2 Rce8 33. h4 Qg4
34. Qd2+ Kh7 35. Bd3 Re5 36. Rf4 Re1+ 37. Bf1 Qg3 38. Rxf5 Rg7 39. Rxh5+ Kg8
40. Rf5 Qxh4 41. Rf3 Re5 42. Qf2 Qh7 43. a4 Rh5 44. Qd4 Rh1+ 45. Kf2 Qc2+ 46.
Be2 Qc1 47. Re3 Qe1+ 48. Kf3 Qg3+ 49. Ke4 Rh4+ 0-1

[Event "GCT Blitz Paris 2019"]
[Site "Paris FRA"]
[Date "2019.08.01"]
[Round "10"]
[White "Grischuk, A."]
[Black "Nakamura, Hi"]
[Result "1-0"]
[WhiteElo "2766"]
[BlackElo "2754"]
[PlyCount "161"]
[EventDate "2019.07.26"]

1. d4 Nf6 2. c4 e6 3. Nf3 d5 4. g3 Bb4+ 5. Bd2 Be7 6. Bg2 O-O 7. O-O Nbd7 8.
Qc2 Ne4 9. Bf4 c6 10. Nc3 g5 11. Be3 Nd6 12. b3 Nf5 13. Bd2 g4 14. Ne1 Nxd4 15.
Qd1 Bf6 16. e3 Nf3+ 17. Nxf3 gxf3 18. Qxf3 Bg7 19. Qe2 b6 20. e4 Ba6 21. exd5
cxd5 22. Rac1 Rc8 23. Rfd1 Qf6 24. Qh5 Nc5 25. cxd5 Bd3 26. Bg5 Qe5 27. Qh4 Bg6
28. Bf4 Qh5 29. Nb5 Qxh4 30. gxh4 Nd3 31. Rxc8 Rxc8 32. Be3 Nb2 33. Nxa7 Re8
34. Rc1 exd5 35. Bxd5 Nd3 36. Rc8 Rxc8 37. Nxc8 Nb4 38. Ne7+ Kf8 39. Nxg6+ hxg6
40. Bc4 Nxa2 41. Bxb6 Bf6 42. h5 gxh5 43. Kg2 Be7 44. Kf3 Bd6 45. h3 Ke7 46.
Bd4 f5 47. Ke2 Nb4 48. Kd2 Nc6 49. Bc3 Bc5 50. Ke2 h4 51. Kf3 Bd6 52. Bd5 Ne5+
53. Kf4 Kf6 54. b4 Bc7 55. b5 Bd6 56. b6 Bb8 57. b7 Bd6 58. Bd4 Bb8 59. Ba1 Bd6
60. Bc3 Bc7 61. Ke3 Ke7 62. Bb4+ Kd7 63. Bc5 Bb8 64. Kd4 Ng6 65. Bc4 Nf4 66.
Bf1 Ne6+ 67. Kd5 Nf4+ 68. Kc4 Kc6 69. Be7 Ng6 70. Bg2+ Kd7 71. Bg5 Kd6 72. Kb5
Ba7 73. Ka6 Bb8 74. Kb6 Kd7 75. Bf1 Kd6 76. Bd3 Ke5 77. Kc6 Nf8 78. f4+ Kd4 79.
Bxf5 Ke3 80. Bg4 Ne6 81. Bxe6 1-0

[Event "GCT Blitz Paris 2019"]
[Site "Paris FRA"]
[Date "2019.08.01"]
[Round "10"]
[White "Nepomniachtchi, I."]
[Black "Caruana, F."]
[Result "1-0"]
[WhiteElo "2775"]
[BlackElo "2819"]
[PlyCount "97"]
[EventDate "2019.07.26"]

1. e4 e6 2. d4 d5 3. Nc3 Bb4 4. e5 Qd7 5. a3 Bxc3+ 6. bxc3 b6 7. Qg4 f5 8. Qg3
Nc6 9. h4 Bb7 10. Nh3 O-O-O 11. Nf4 Qf7 12. a4 Nge7 13. Ba3 Rdg8 14. Be2 Na5
15. Qg5 Nec6 16. Rh3 Kb8 17. Rg3 a6 18. h5 Bc8 19. Qh4 Qe8 20. h6 g6 21. Qf6
Nd8 22. Be7 Nf7 23. Qh4 Qc6 24. Kd2 Re8 25. Bb4 Nc4+ 26. Bxc4 dxc4 27. a5 g5
28. Rxg5 Nxg5 29. Qxg5 Rhg8 30. Qh5 b5 31. f3 Rg3 32. Re1 Reg8 33. Re2 Qd7 34.
Kc1 Bb7 35. Kb2 R8g5 36. Qh4 Qf7 37. d5 Bxd5 38. Nxd5 exd5 39. e6 Qe8 40. e7
Rxg2 41. Rxg2 Rxg2 42. Qf6 Kb7 43. Qxf5 Rg6 44. Qxd5+ Kc8 45. f4 Rf6 46. Qe5
Rg6 47. f5 Rg5 48. Qe6+ Kb7 49. f6 1-0

[Event "GCT Blitz Paris 2019"]
[Site "Paris FRA"]
[Date "2019.08.01"]
[Round "10"]
[White "Mamedyarov, S."]
[Black "Giri, A."]
[Result "1-0"]
[WhiteElo "2765"]
[BlackElo "2779"]
[PlyCount "87"]
[EventDate "2019.07.26"]

1. d4 Nf6 2. Nf3 d5 3. e3 Bf5 4. c4 c6 5. Nc3 e6 6. Nh4 Be4 7. f3 Bg6 8. Qb3
Qc7 9. Bd2 Be7 10. Nxg6 hxg6 11. g3 Nbd7 12. Rc1 dxc4 13. Bxc4 O-O 14. Kf2 e5
15. Rhe1 Rad8 16. Ne2 e4 17. Nc3 exf3 18. Kxf3 c5 19. Kg2 Ne5 20. Nd5 Nxd5 21.
Bxd5 Rxd5 22. Qxd5 Nd3 23. Qe4 Nxc1 24. Rxc1 Qd7 25. Bc3 Re8 26. Qf3 Bg5 27.
Re1 Bf6 28. d5 Bxc3 29. bxc3 b5 30. e4 Qd6 31. Qf4 Qd7 32. d6 f6 33. Rd1 b4 34.
Qe3 bxc3 35. Qxc3 Rxe4 36. Qxc5 Re2+ 37. Kg1 Kh7 38. Qc4 Re5 39. Rd2 g5 40. h3
Re6 41. Qd3+ Kh6 42. Kh2 Re5 43. Qc4 Re6 44. Qxe6 1-0

[Event "GCT Blitz Paris 2019"]
[Site "Paris FRA"]
[Date "2019.08.01"]
[Round "11"]
[White "Anand, V."]
[Black "Mamedyarov, S."]
[Result "1/2-1/2"]
[WhiteElo "2764"]
[BlackElo "2765"]
[PlyCount "62"]
[EventDate "2019.07.26"]

1. e4 e5 2. Nf3 Nc6 3. Bc4 Bc5 4. O-O Nf6 5. d3 h6 6. c3 d6 7. Re1 O-O 8. Nbd2
Ne7 9. h3 Ng6 10. Nf1 c6 11. d4 exd4 12. cxd4 Bb4 13. Bd2 Bxd2 14. N1xd2 d5 15.
Bb3 dxe4 16. Nxe4 Nxe4 17. Rxe4 Bf5 18. Re3 Nf4 19. Ne5 Nd5 20. Rg3 f6 21. Ng4
Kh8 22. Ne3 Be6 23. Qf3 Qd7 24. Nxd5 Bxd5 25. Bxd5 cxd5 26. Qb3 Rfe8 27. Re3
Rxe3 28. Qxe3 Re8 29. Qd3 Re4 30. Rc1 Qe8 31. Qb3 Re1+ 1/2-1/2

[Event "GCT Blitz Paris 2019"]
[Site "Paris FRA"]
[Date "2019.08.01"]
[Round "11"]
[White "Duda, J."]
[Black "Nepomniachtchi, I."]
[Result "1-0"]
[WhiteElo "2729"]
[BlackElo "2775"]
[PlyCount "77"]
[EventDate "2019.07.26"]

1. c4 e5 2. Nc3 Nf6 3. Nf3 Nc6 4. e3 Bb4 5. Qc2 Bxc3 6. Qxc3 Qe7 7. d4 Ne4 8.
Qd3 exd4 9. Nxd4 O-O 10. Be2 Qb4+ 11. Kf1 Qe7 12. f3 f5 13. Kg1 Qf6 14. Nxc6
dxc6 15. Qd4 Qf7 16. b4 Be6 17. Qb2 Rad8 18. fxe4 fxe4 19. h3 Qg6 20. Bd2 Qg3
21. Rf1 Rxf1+ 22. Bxf1 Rf8 23. Qd4 Bf5 24. Bc3 h6 25. c5 Kh7 26. Qd2 Be6 27.
Qe1 Qg5 28. h4 Qf5 29. Be2 Bxa2 30. Qg3 Rf7 31. Kh2 Qd7 32. Ra1 Bb3 33. Rxa7
Bd1 34. Bxd1 Qxd1 35. Rxb7 Qd8 36. Be5 g5 37. Rxc7 Rxc7 38. Bxc7 Qe8 39. Qe5
1-0

[Event "GCT Blitz Paris 2019"]
[Site "Paris FRA"]
[Date "2019.08.01"]
[Round "11"]
[White "Vachier Lagrave, M."]
[Black "Grischuk, A."]
[Result "1/2-1/2"]
[WhiteElo "2775"]
[BlackElo "2766"]
[PlyCount "109"]
[EventDate "2019.07.26"]

1. Nf3 Nf6 2. g3 c5 3. c4 Nc6 4. Nc3 e6 5. Bg2 d5 6. cxd5 exd5 7. d4 Be7 8. O-O
O-O 9. Bf4 Bg4 10. dxc5 Bxc5 11. Ne5 Be6 12. Nd3 Be7 13. Rc1 h6 14. Na4 Rc8 15.
Nac5 Bxc5 16. Nxc5 Qe7 17. Nxe6 Qxe6 18. Re1 Rfd8 19. Qb3 b6 20. Qe3 Qf5 21.
Qa3 Ne4 22. f3 Nc5 23. b4 Ne6 24. Bd2 Ncd4 25. Qxa7 Rxc1 26. Bxc1 Qc2 27. Bf1
Qc6 28. Qa6 Ra8 29. Qd3 Rxa2 30. Be3 Qc4 31. Rd1 Nxe2+ 32. Bxe2 Rxe2 33. Qxc4
dxc4 34. Bxb6 Rb2 35. Be3 Rxb4 36. Rc1 Kf8 37. Kf2 Ke7 38. Bd2 Ra4 39. Ke3 Kd6
40. Bc3 Ra3 41. Ke4 Kc5 42. f4 Ra2 43. h4 f6 44. f5 Nc7 45. Bd4+ Kb5 46. Rb1+
Kc6 47. Rb6+ Kd7 48. g4 Re2+ 49. Kf3 Rd2 50. Ke4 Rh2 51. h5 Re2+ 52. Kf3 Rd2
53. Ke4 Re2+ 54. Kf3 Rd2 55. Ke4 1/2-1/2

[Event "GCT Blitz Paris 2019"]
[Site "Paris FRA"]
[Date "2019.08.01"]
[Round "11"]
[White "Nakamura, Hi"]
[Black "Caruana, F."]
[Result "1-0"]
[WhiteElo "2754"]
[BlackElo "2819"]
[PlyCount "137"]
[EventDate "2019.07.26"]

1. e4 e5 2. Nf3 Nc6 3. Bb5 a6 4. Ba4 Nf6 5. O-O Bc5 6. d3 b5 7. Bb3 O-O 8. a4
b4 9. a5 d6 10. h3 Be6 11. Nbd2 Rb8 12. Nc4 Ne7 13. Ng5 Bd7 14. Be3 Bxe3 15.
Nxe3 Ng6 16. Bc4 Bb5 17. Nf3 Bxc4 18. Nxc4 Re8 19. Re1 d5 20. Ncd2 c6 21. g3
Rb5 22. Nb3 h6 23. Qe2 Nd7 24. d4 Qf6 25. exd5 Rxd5 26. Nfd2 Rb5 27. Rad1 Re6
28. Ne4 Qe7 29. Nec5 Nxc5 30. dxc5 Kh7 31. Qe4 Rb8 32. Rd3 Rf8 33. Rf3 Kg8 34.
Rd1 Qc7 35. Rfd3 Ne7 36. Rd6 Nd5 37. Rxe6 fxe6 38. Nc1 Qxa5 39. Nd3 Rf5 40. g4
Rf6 41. Qxe5 Qb5 42. b3 Qb7 43. f4 Qf7 44. Rf1 Qg6 45. Kh2 a5 46. Ra1 Qf7 47.
Kg3 Qa7 48. g5 hxg5 49. fxg5 Rf5 50. Qxe6+ Qf7 51. Qxf7+ Kxf7 52. h4 Ne3 53.
Rxa5 Nf1+ 54. Kh3 Ne3 55. Ra7+ Kg6 56. Re7 Rf3+ 57. Kh2 Kh5 58. Ne5 Rf2+ 59.
Kg3 Rxc2 60. Rf7 Rxc5 61. Nd3 Nf5+ 62. Kf4 Rc3 63. Ne5 Nxh4 64. Rxg7 Ng2+ 65.
Kf5 Ne3+ 66. Ke6 Nd5 67. g6 Nf4+ 68. Kf5 Kh6 69. Rh7# 1-0